MARC

LEADER 00000nam0a2200000 4500
001 67421
005 20231031073537.0
035 |a (RuTPU)RU\TPU\book\71787 
090 |a 67421 
100 |a 20040916d1960 m y0rusy50 ca 
101 0 |a rus 
102 |a RU 
105 |a a z 001zy 
200 1 |a Рассказы о книгах  |f Н. Смирнов-Сокольский  |g Ред. Ю. И. Масанов 
205 |a Изд. 2-е 
210 |a Москва  |c Изд-во Всесоюзной книжной палаты  |d 1960 
215 |a 567 с.  |c ил. 
225 1 |a Всесоюзная книжная палата 
300 |a Библиогр. в примеч. в конце глав 
600 1 |a Радищев  |g Александр Николаевич  |b А. Н.  |c русский мыслитель  |c писатель  |f 1749 - 1802  |2 stltpui  |3 (RuTPU)RU\TPU\pers\1365 
600 1 |a Крылов  |b И. А.  |f 1769-1844  |g Иван Андреевич  |c русский писатель  |c баснописец  |c академик Петербургской АН  |2 stltpush  |3 (RuTPU)RU\TPU\pers\3693 
600 1 |a Пушкин  |g Александр Сергеевич  |c русский писатель, поэт  |f 1799 - 1837  |b А. С.  |2 stltpui  |3 (RuTPU)RU\TPU\pers\1026 
610 1 |a библиофильство 
610 1 |a русская литература 
610 1 |a история 
610 1 |a литературоведение 
675 |a 002(09)  |v 3 
675 |a 891.7  |v 3 
700 1 |a Смирнов-Сокольский  |b Н.  |g Николай Павлович 
702 1 |a Масанов  |b Ю. И.  |4 340 
801 1 |a RU  |b 63413507  |c 20040916  |g PSBO 
801 2 |a RU  |b 63413507  |c 20070706  |g PSBO 
942 |c BK